| 000 | 00570nam a2200181Ia 4500 | ||
|---|---|---|---|
| 003 | OSt | ||
| 005 | 20260128120452.0 | ||
| 008 | 210210b1958 xxu||||| |||| 00| 0 eng d | ||
| 040 | _cAL | ||
| 041 | _akan | ||
| 082 | _a853/523 | ||
| 100 |
_aSherwood Robert Emmet _9162058 _dಶೆರ್ವುಡ್ ರಾಬರ್ಟ್ ಎಮ್ಮೆಟ್ |
||
| 245 |
_aIlinaydalli linkan: _bಇಲಿನಾಯ್ ದಲ್ಲಿ ಲಿಂಕನ್ |
||
| 260 |
_aBengaluru _bPragati Prakatanalaya _c1958 |
||
| 690 |
_aKannada Drama _9162059 |
||
| 906 | _a019793 | ||
| 942 |
_2ddc _cBK |
||
| 999 |
_c143935 _d143935 |
||